| 000 | 00446nam a2200169Ia 4500 | ||
|---|---|---|---|
| 003 | GCL | ||
| 008 | 140319s9999 xx 000 0 eng d | ||
| 040 |
_aGCL / _cGCL |
||
| 082 | 0 | 4 |
_a333.95 _bN A |
| 100 | 1 | _aNEWMAN, EDWARD I. | |
| 245 | 1 | 0 |
_aAPPLIED ECOLOGY / _cNEWMAN, EDWARD I. |
| 260 |
_a[S.N] : _bBLACKWELL SCIENTIFIC PUBLICATIONS ، _c1993 |
||
| 300 | _a328 P | ||
| 650 | 0 | 4 | _aECOLOGY |
| 650 | 0 | 4 | _aENVIRONMENTAL SCIENCE |
| 942 |
_2ddc _cBK |
||
| 999 |
_c21008 _d21008 |
||